[Event "Pan American-ch Seniors 65"]
[Site "Lima"]
[Date "2023.04.28"]
[Round "5"]
[White "Merma, Isaias"]
[Black "Sosa Patino, Carlos"]
[Result "1/2-1/2"]
[WhiteElo "1569"]
[BlackElo "1876"]
[PlyCount "23"]
[EventDate "2023.04.26"]
[EventType "swiss"]
[EventRounds "9"]
[EventCountry "PER"]
[SourceTitle "CBM 214 Extra"]
[Source "ChessBase"]
[SourceDate "2023.07.31"]
[SourceVersion "1"]
[SourceVersionDate "2023.07.31"]
[SourceQuality "1"]

1. d4 Nf6 2. c4 e6 3. Nf3 c5 4. e3 a6 5. Nc3 d5 6. a4 Nc6 7. Be2 b6 8. cxd5 exd5 9. 0-0 Nb4 10. Ne5 Be7 11. f4 h5 12. h3 1/2-1/2

[Event "Pan American-ch Seniors 65"]
[Site "Lima"]
[Date "2023.04.27"]
[Round "2"]
[White "Sosa Patino, Carlos"]
[Black "Arias Formoso, Rodolfo"]
[Result "1/2-1/2"]
[WhiteElo "1876"]
[BlackElo "2043"]
[PlyCount "20"]
[EventDate "2023.04.26"]
[EventType "swiss"]
[EventRounds "9"]
[EventCountry "PER"]
[SourceTitle "CBM 214 Extra"]
[Source "ChessBase"]
[SourceDate "2023.07.31"]
[SourceVersion "1"]
[SourceVersionDate "2023.07.31"]
[SourceQuality "1"]

1. Nf3 d5 2. c4 c6 3. cxd5 cxd5 4. d4 Nf6 5. Nc3 Nc6 6. Bf4 Qb6 7. Na4 Qa5+ 8. Nc3 Qb6 9. Na4 Qa5+ 10. Nc3 Qb6 1/2-1/2

[Event "Sullana Norte op"]
[Site "Sullana"]
[Date "2015.03.21"]
[Round "3"]
[White "Rios Clavijo, Cristian"]
[Black "Sosa Patino, Carlos"]
[Result "0-1"]
[WhiteElo "1618"]
[BlackElo "2136"]
[PlyCount "43"]
[EventDate "2015.03.20"]
[EventType "swiss"]
[EventRounds "6"]
[EventCountry "PER"]
[SourceTitle "CBM 165 Extra"]
[Source "ChessBase"]
[SourceDate "2015.04.21"]
[SourceVersion "1"]
[SourceVersionDate "2015.04.21"]
[SourceQuality "1"]

1. e4 c5 2. Nf3 Nc6 3. g3 g6 4. Bg2 Bg7 5. d3 Nf6 6. 0-0 d5 7. Nbd2 0-0 8. Re1 e6 9. h4 a5 10. c3 a4 11. e5 Ng4 12. d4 Qb6 13. Nf1 cxd4 14. cxd4 f6 15. Bh3 h5 16. Qd3 fxe5 17. Qxg6 Rxf3 18. Bxg4 hxg4 19. Bh6 Qc7 20. Qxg4 Nxd4 21. Rac1 Qf7 22. Rxe5 0-1

[Event "Piura op"]
[Site "Piura"]
[Date "2013.??.??"]
[Round "4"]
[White "Sosa Patino, Carlos"]
[Black "Puppi Lazo, Jorge Luis"]
[Result "1/2-1/2"]
[WhiteElo "2142"]
[BlackElo "1948"]
[PlyCount "25"]
[EventDate "2013.08.12"]
[EventType "swiss"]
[EventRounds "8"]
[EventCountry "PER"]
[SourceTitle "CBM 155 Extra"]
[Source "ChessBase"]
[SourceDate "2013.08.26"]
[SourceVersion "1"]
[SourceVersionDate "2013.08.26"]
[SourceQuality "1"]

1. Nf3 Nf6 2. g3 c5 3. c4 d5 4. cxd5 Nxd5 5. Bg2 Nc6 6. Nc3 Nc7 7. Qa4 Bd7 8. Qb3 e5 9. 0-0 Be7 10. d3 0-0 11. Be3 Rb8 12. Rac1 Be6 13. Qa4 1/2-1/2

[Event "Piura op"]
[Site "Piura"]
[Date "2013.??.??"]
[Round "2"]
[White "Sosa Patino, Carlos"]
[Black "Sanchez Zambrano, Vanessa"]
[Result "1-0"]
[WhiteElo "2142"]
[BlackElo "1941"]
[PlyCount "85"]
[EventDate "2013.08.12"]
[EventType "swiss"]
[EventRounds "8"]
[EventCountry "PER"]
[SourceTitle "CBM 155 Extra"]
[Source "ChessBase"]
[SourceDate "2013.08.26"]
[SourceVersion "1"]
[SourceVersionDate "2013.08.26"]
[SourceQuality "1"]

1. Nf3 Nf6 2. c4 g6 3. b3 Bg7 4. Bb2 0-0 5. g3 d6 6. d4 c6 7. Bg2 Qa5+ 8. Bc3 Qh5 9. h3 Ne4 10. Bb2 Nd7 11. Nbd2 Qa5 12. Qc2 Ndf6 13. a3 Bf5 14. b4 Nxd2 15. Qxd2 Qa4 16. 0-0 a5 17. Nh4 Be4 18. f3 Qc2 19. Qc1 Qxc1 20. Rfxc1 g5 21. fxe4 gxh4 22. g4 Bh6 23. Rd1 Be3+ 24. Kf1 axb4 25. axb4 Nd7 26. c5 h5 27. Bf3 Kh7 28. Kg2 Rg8 29. Rxa8 Rxa8 30. Rd3 Ra2 31. Rb3 Bf4 32. gxh5 Kh6 33. Bg4 Nf6 34. Kf3 Bg3 35. Bc8 Ra7 36. Ra3 Rxa3+ 37. Bxa3 d5 38. exd5 cxd5 39. Bxb7 e6 40. b5 Ne4 41. c6 Nd2+ 42. Kg2 Nc4 43. Bc5 1-0